| 000 | 00615nam a22001937a 4500 | ||
|---|---|---|---|
| 005 | 20230727114056.0 | ||
| 008 | 230727b |||||||| |||| 00| 0 eng d | ||
| 041 | _aeng | ||
| 082 |
_a729.7 _bKAR/NAW |
||
| 100 |
_aKarve S ed. _9115272 |
||
| 110 |
_aNawale R ed. _9204248 |
||
| 245 | _aHealth Care - At Its Best | ||
| 260 |
_aPune _bBNCA M Arch Environment Architecture _c2014 |
||
| 300 |
_a184 P _bPB _c28.5 x 19.5 |
||
| 365 |
_aINR _b1.00 _cRupaye |
||
| 500 | _aJahangir Hospital Case Study Ruby Hall Case Study Design Program Site Analysis Hospital Design Option 1 | ||
| 942 | _cDB | ||
| 999 |
_c355447 _d355447 |
||